000 00795nam a2200253 a 4500
001 BRCA_6389
005 20190320205433.0
008 020911s189u----enkab#####---#000-0#eng-#
041 _aeng
044 _aenk
050 4 _aF1226
_b.H16 1890
100 1 _aHale, Susan
_d1833-1910
_915983
245 1 0 _aMexico
_cby Susan Hale.
260 _aLondres
_bT. Fisher Unwin
_c3ª imp. [189-?]
300 _axx, 428 p.
_bil., 1 mapa plegable a color
_c21 cm.
440 0 _aThe Story of the Nations
_v27
_915984
500 _aIncluye lista de ilustraciones e índice alfabético
500 _aTitulo de cubierta: The Story of the Nations
500 _aEn el inventario de Banco de México esta como CEF75
500 _aCEF75a
651 4 _aMéxico
_xHistoria
_9614
902 _aGFM
942 _2lcc
_cB
999 _c6075
_d6075